Cultivating embryos of the silver fir (Abies alba Mill.) in vitro

Bibliographic Details
Main Authors: Erdelský, Karol, 1932- (Author), Barančok, Peter, 1962- (Author)
Format: Article
Language:English
PhysicalDescription:Res. slov. rus., lit. 4 zázn. v angl.
Subjects:

MARC

LEADER 00000nab a2200000 a 4500
001 vtls000374985
003 SK-MaSNL
005 20260318122625.0
008 111202c1987 xo 0 eng
015 |a SNBRA19rr/mm-uuuuu 
035 |a CL0375107 
040 |a SNKBUCL  |b slo  |c SNKBUCL  |e AACR2 
041 0 |a eng 
044 |a xo  |c SK 
080 |a 581.3  |2 1981 
080 |a 582.475.2  |2 1981 
100 1 |a Erdelský, Karol,  |d 1932-  |4 aut  |9 114708 
245 1 0 |a Cultivating embryos of the silver fir (Abies alba Mill.) in vitro  |c K. Erdelský, P. Barančok 
300 |b Res. slov. rus., lit. 4 zázn. v angl. 
650 0 7 |a jedľa biela  |2 snkbucl  |9 14924 
650 0 7 |a embryá (botanika)  |2 snkbucl  |9 259337 
650 0 7 |a kultivácia embryí (bot.)  |2 snkbucl  |9 1544560 
655 7 |a články zo zborníkov  |2 snkbucl  |9 166140 
700 1 |a Barančok, Peter,  |d 1962-  |4 aut  |9 119196 
773 0 |t Acta Facultatis rerum naturalium Universitatis Comenianae. Physiologia plantarum 23  |d Bratislava : SPN, 1987  |g S. 25-29 
850 |a Slovenská národná knižnica v Martine  |a MTA001 
852 |a SNK  |b KIS3GCP 
958 |a RK 
992 |a RZB 
999 |c 3131613  |d 3133543